| 000 | 00756nam a2200181Ia 4500 | ||
|---|---|---|---|
| 008 | 151018s9999 xx 000 0 und d | ||
| 082 |
_bRBASDV34418 _a894.434 |
||
| 100 | _aअशोक कुमार शर्मा | ||
| 245 | _aभारत कि महान वैज्ञानिक विभूतीया | ||
| 250 | _b1 | ||
| 260 |
_bविज्ञान भारती _c2000 |
||
| 300 | _a95 | ||
| 600 | _aअशोक कुमार शर्मा | ||
| 630 | _aभारत कि महान वैज्ञानिक विभूतीया | ||
| 700 | _aअशोक कुमार शर्मा | ||
| 730 | _aभारत कि महान वैज्ञानिक विभूतीया | ||
| 942 | _cBOOK | ||
| 999 |
_c1033908 _d1033905 |
||